Co to za państwo (dziwne podpowiedzi) #5 - Statystyki

Ogólne statystyki
  • Ten quiz został rozwiązany 217 razy
  • Średni wynik to 10 z 15
Statystyki odpowiedzi
Ostatnia litera Wielkie miasto Państwo Afrykańskie Jeden kraj graniczący Pierwsza litera stolicy Państwo % Poprawnych
A Toronto Nie Stany Zjednoczone O Kanada
94%
A Split Nie Słowenia Z Chorwacja
87%
A Espoo Nie Norwegia H Finlandia
86%
Y Brno Nie Niemcy P Czechy
83%
A Maracaibo Nie Brazylia C Wenezuela
81%
D Moundou Tak Sudan N Czad
77%
R Ar-Rajjan Nie Arabia Saudyjska D Katar
74%
R Cuenca Nie Peru Q Ekwador
73%
A Heredia Nie Panama S Kostaryka
63%
A Mekelie Tak Somalia A Etiopia
62%
I Sikasso Tak Mauretania B Mali
57%
N Port-Gentil Tak Kamerun L Gabon
50%
A Kopavogur Nie ----- R Islandia
49%
Y Quezon City Nie ----- M Filipiny
36%
I Betio Nie ----- B Kiribati
27%
Nie znaleziono quizów pasujących do podanych kryteriów
Rozkład punktacji
Procent ludzi z każdym wynikiem
Percentyl według liczby udzielonych odpowiedzi
Twoja historia wyników
Nie rozwiązałeś tego quizu